Nemecké spolkové krajiny a ich postoj k rozširovaniu Európskej únie

Postoj nemeckých spolkových krajín k rozširovaniu Európskej únie. Aj keď tieto zotrvávajú pri svojom pozitívnom postoji k rozširovaniu v abstraktnom zmysle, v konkrétnych politických otázkach sledujú viac-menej len vlastný záujem. Príklad Bavorska a Saska.

Saved in:
Bibliographic Details
Main Author: Mattoš, Boris, 1977-
Format: Book Chapter
Language:Slovak
Subjects:
Tags: Add Tag
No Tags, Be the first to tag this record!

MARC

LEADER 00000naa$a2200000$$$4500
001 0022197
005 20240502071412.9
041 0 |a slo 
044 |a SK 
245 1 0 |a Nemecké spolkové krajiny a ich postoj k rozširovaniu Európskej únie  |c Boris Mattoš 
520 |a Postoj nemeckých spolkových krajín k rozširovaniu Európskej únie. Aj keď tieto zotrvávajú pri svojom pozitívnom postoji k rozširovaniu v abstraktnom zmysle, v konkrétnych politických otázkach sledujú viac-menej len vlastný záujem. Príklad Bavorska a Saska. 
610 2 0 |a Nemecko 
610 2 0 |a Európska únia 
610 2 0 |a Európsky ekonomický priestor 
610 2 0 |a politika poľnohospodárska 
610 2 0 |a fondy štruktúrne 
100 1 |a Mattoš, Boris, 1977-